Sociedad de masas y derecho.

Salvato in:
Dettagli Bibliografici
Autore principale: Vallet Goytisolo, Juan B (autor)
Natura: Libro
Pubblicazione: Madrid, España: Taurus Ediciones, 1968.
Serie:Ensayistas de Hoy,
Soggetti:
Tags: Aggiungi Tag
Nessun Tag, puoi essere il primo ad aggiungerne!!

MARC

LEADER 00000nam a22000007a 4500
001 UCQ7726
003 CL-VaPUC
005 20250130163536.0
008 220707t1968 ||||| |||| 00| 0 eng d
999 |c 436763  |d 436761 
040 |c Pontificia Universidad Católica de Valparaíso 
082 7 |a 340.115 VAL 1968  |2 22 
100 |a Vallet Goytisolo, Juan B  |e autor  |9 421508 
245 |a Sociedad de masas y derecho.  
260 |a Madrid, España:   |b Taurus Ediciones,   |c 1968. 
300 |a 658 páginas.  
490 |a Ensayistas de Hoy,   |n  60. 
500 |a c.1: Donación Familia Prof. Alejandro Guzmán Brito. 
583 |a last modification  |c 19981113 00:00:00  |k Cristina María Rojas Aguilar 
650 0 |a Sociedad de masas  |9 268060 
650 |a Sociología jurídica   |9 872336 
650 |a Derecho y sociedad  |9 255963 
942 |c BK  |2 ddc  |n 0 
952 |0 0  |1 0  |2 ddc  |4 0  |6 340_115000000000000_VAL_1968  |7 0  |8 C_AGB  |9 584473  |a BIBDER  |b BIBDER  |d 2022-07-07  |e Donación   |i 5652569  |o 340.115 VAL 1968  |p 5652569  |r 2023-01-25  |t 1  |w 2022-07-07  |y BK_US  |k AGB